| 000 | 00965cam a2200289 i 4500 | ||
|---|---|---|---|
| 001 | 200461565 | ||
| 003 | TR-AnTOB | ||
| 005 | 20240704203535.0 | ||
| 007 | ta | ||
| 008 | 010713s1994 tu a d 000 0 tur d | ||
| 040 |
_aBGZ _beng _erda _cBGZ _dTR-AnTOB |
||
| 041 | 0 |
_aeng _atur |
|
| 050 | 4 |
_aPL191 _b.R434 1994 |
|
| 090 |
_aREF PL191 _b.R434 1994 TıpFaK |
||
| 245 | 0 | 0 | _aRedhouse İngilizce-Türkçe. |
| 246 | 2 | 4 | _aRedhouse İngilizce-Türkçe / Türkçe-İngilizce sözlük |
| 246 | 2 | 4 | _aResimli redhouse İngilizce-Türkçe / Türkçe-İngilizce sözlük |
| 264 | 1 |
_aİstanbul : _bMilliyet, _c1994. |
|
| 300 |
_a912 pages : _billustrations ; _c22 cm |
||
| 336 |
_atext _btxt _2rdacontent |
||
| 337 |
_aunmediated _bn _2rdamedia |
||
| 338 |
_avolume _bnc _2rdacarrier |
||
| 650 | 7 |
_aİngiliz dili _vSözlükler _xTürkçe _2etuturkob _917987 |
|
| 650 | 7 |
_aTürk dili _vSözlükler _xİngilizce _2etuturkob _96809 |
|
| 942 |
_2lcc _cREF |
||
| 999 |
_c200461565 _d79777 |
||